| 000 | 00671nam a22002175i 4500 | ||
|---|---|---|---|
| 001 | 161972 | ||
| 003 | ES-MaACL | ||
| 005 | 20250903005841.0 | ||
| 008 | 041025s1897 xxk |||| | eng d | ||
| 040 |
_aCAM _bspa _cCAM |
||
| 100 | 1 |
_aPerry, John. _9131054 |
|
| 245 | 1 | 4 |
_aThe calculus for engineers / _cby John Perry. |
| 250 | _a11th ed. | ||
| 260 |
_aLondon : _bEdward Arnold, _c[s.a.] ( _eCambridge : _fprinted by John Clay) |
||
| 300 |
_aVI, 382 p. ; _c19 cm. |
||
| 596 | _aLa BLP lo fecha en 1897. | ||
| 650 | 7 |
_aCálculo _2embne _910668 |
|
| 752 |
_aGran Bretaña - _dLondres |
||
| 852 |
_aES-MaACL _jF-4538 _z-- Enc. ed. en tela |
||
| 999 |
_c161972 _d161972 |
||